The sea of monster percy jackson & the olympians / (Record no. 4486)

MARC details
000 -LEADER
fixed length control field 00998nam a22002897a 4500
001 - CONTROL NUMBER
control field 4486
003 - CONTROL NUMBER IDENTIFIER
control field FISKH
005 - DATE AND TIME OF LATEST TRANSACTION
control field 20250303095902.0
008 - FIXED-LENGTH DATA ELEMENTS--GENERAL INFORMATION
fixed length control field 240912b cb ||||| |||| 00| 0 eng d
020 ## - INTERNATIONAL STANDARD BOOK NUMBER
International Standard Book Number 9780439027021
040 ## - CATALOGING SOURCE
Original cataloging agency FISKH
Language of cataloging eng
Transcribing agency FISKH
Modifying agency FISKH
050 ## - LIBRARY OF CONGRESS CALL NUMBER
Classification number PZ7.R4829
082 ## - DEWEY DECIMAL CLASSIFICATION NUMBER
Edition number 813.54
100 ## - MAIN ENTRY--PERSONAL NAME
Personal name Riordan, Rick
Dates associated with a name 1964-
245 ## - TITLE STATEMENT
Title The sea of monster percy jackson & the olympians /
Statement of responsibility, etc. Rick Riordan
250 ## - EDITION STATEMENT
Edition statement First printing in 2007
260 ## - PUBLICATION, DISTRIBUTION, ETC.
Place of publication, distribution, etc. New York :
Name of publisher, distributor, etc. Scholastic,
Date of publication, distribution, etc. 2007.
300 ## - PHYSICAL DESCRIPTION
Extent 282 pages :
Dimensions 20 cm
505 ## - FORMATTED CONTENTS NOTE
Formatted contents note P<br/>
520 ## - SUMMARY, ETC.
Summary, etc. Demi-god Percy Jackson and his friends must journey into the Sea of Monsters to save their camp. But first Percy will discover a secret that makes him wonder whether being claimed as Poseidon's son is an honor or a cruel joke.
521 8# - TARGET AUDIENCE NOTE
Target audience note 680L<br/>
Source Lexile<br/>
521 8# - TARGET AUDIENCE NOTE
Target audience note P<br/>
Source Raz-Plus<br/>
650 ## - SUBJECT ADDED ENTRY--TOPICAL TERM
Source of heading or term Fiction
Topical term or geographic name entry element Greek mythology
Form subdivision Friendship
650 ## - SUBJECT ADDED ENTRY--TOPICAL TERM
Source of heading or term Adventure
Topical term or geographic name entry element Young adult
942 ## - ADDED ENTRY ELEMENTS (KOHA)
Source of classification or shelving scheme Dewey Decimal Classification
Koha item type Books
Suppress in OPAC No
Holdings
Withdrawn status Lost status Source of classification or shelving scheme Damaged status Not for loan Collection Home library Current library Shelving location Date acquired Total Checkouts Full call number Barcode Date last seen Copy number Price effective from Koha item type Date last checked out
    Dewey Decimal Classification     Juvenile Fiction Footprints International School Library Network Toul Kork Campus Footprints International School Library Network Toul Kork Campus TTP Primary Orange Bookshelves 09/12/2024   RIO 813.54 PZ7.R4829 2024-1918 09/12/2024 1 09/12/2024 Books  
    Dewey Decimal Classification     Juvenile Fiction Footprints International School Library Network Toul Kork Campus Footprints International School Library Network Toul Kork Campus TTP Primary Orange Bookshelves 03/03/2025 2 RIO 813.54 PZ7.R4829 2025-0712 02/04/2026 2 03/03/2025 Books 12/10/2025